000 01839cam a22003854a 4500
001 14116640
003 Nust- CAS-E
005 20180118181424.0
008 050922s2006 enkab b 001 0 eng
010 _a 2005027704
015 _aGBA467274
_2bnb
016 7 _a012992206
_2Uk
020 _a184407126X
020 _a9781844071265
035 _a(OCoLC)ocm61724417
040 _aDLC
_cDLC
_dYDX
_dBAKER
_dUKM
_dIXA
_dDLC
042 _apcc
050 0 0 _aHD9502.A2
_bR446 2006
082 0 0 _a333.794
_222
_bRf REN 2006
245 0 0 _aRenewable energy policy and politics :
_ba handbook for decision-making /
_cedited by Karl Mallon.
260 _aLondon ;
_aSterling, VA :
_bEarthscan,
_c2006.
300 _axx, 268 p. :
_bill., 1 map ;
_c24 cm.
504 _aIncludes bibliographical references and index.
505 0 _aMyths, pitfalls, and oversights -- Ten features of sucessful renewable markets -- An A to Z of stakeholders -- The politics of achieving legislation -- A harsh environment -- Renewable policy lessons from the US -- Development of renewable energy in India -- Spanish renewable energy -- A history of support for solar voltaics in Germany -- Sustainable energy policy reform in Cambodia.
650 0 _aEnergy policy.
650 0 _aRenewable energy sources.
650 0 _aEnergy development
_xEnvironmental aspects.
650 0 _aSustainable development.
700 1 _aMallon, Karl.
856 4 1 _3Table of contents
_uhttp://www.loc.gov/catdir/toc/ecip0519/2005027704.html
856 4 2 _3Contributor biographical information
_uhttp://www.loc.gov/catdir/enhancements/fy1111/2005027704-b.html
906 _a7
_bcbc
_corignew
_d1
_eecip
_f20
_gy-gencatlg
942 _2ddc
_cBK
999 _c356100
_d356100